01046nam a2200265 i 450000100060000000300090000600500170001500700030003200800410003508000220007608000360009808000270013424500980016126000470025930000390030660000620034560000730040765500480048071000360052871000360056485200330060094200080063399900170064195201220065813470ES-MaACL20250928103902.0t|980415s1962 sp ||||1| spa d a929 Isidro, Santo a929 María de la Cabeza, Santa a235.3(464.1 M.)(064.3)04aLos santos patronos de Madrid b: [Exposición, Museo Municipal de Madrid, mayo-julio 1962]. aMadrid : bAyuntamiento de Madrid, c1962. a32 p.,[20] p. de lám. ; c22 cm.04aIsidro, cSanto- xCulto- zMadrid- vExposiciones96557114aMaría de la Cabeza cSanta-xCulto-zMadrid-vExposiciones.976662 72tgfbne9193628aCatálogos de exposiciones2 aMuseo Municipal de Madrid958921 aMadrid. bAyuntamiento 9234069 aES-MaACLjL-20799 bR.126519 2udc c13470d13470 00104070aATENEOMbATENEOMcDEPO2d2008-01-17eSCl0oL-20799p1013713r2023-02-23 00:00:00w2023-02-23yMONOGRAFIA